| 000 | 00931nam a22002177a 4500 | ||
|---|---|---|---|
| 003 | AR-RoUNCS | ||
| 005 | 20260513124705.0 | ||
| 007 | ta | ||
| 008 | 260513s2001 sp ||||r|||| 00| f spa d | ||
| 020 | _a8466302409 | ||
| 040 |
_aAR-RoUNCS _bspa _cAR-RoUNCS |
||
| 041 | 1 |
_aspa _heng |
|
| 100 | 1 |
_aBach, Richard, _d1936- _eautor |
|
| 245 | 1 | 0 |
_aIlusiones / _cRichard Bach. |
| 260 |
_aMadrid : _bPunto de lectura, _cc2001. |
||
| 300 |
_a191 p. : _bils. ; _c18 cm. |
||
| 520 | _aIlusiones es una novela del escritor y piloto Richard Bach. Publicada por primera vez en 1977, la historia cuestiona la percepción que el lector tiene de la realidad, sugiriendo que lo que llamamos realidad es simplemente una ilusión que creamos para aprender y disfrutar. Ilusiones fue la continuación de Juan Salvador Gaviota, publicada en 1970. | ||
| 650 | 7 |
_2embne _aLiteratura norteamericana |
|
| 655 | 7 |
_2embne _aNovela corta |
|
| 942 |
_2udc _cOG _n0 |
||
| 999 |
_c1014 _d1014 |
||